[Event "Tournament 14472 - Europe Echecs"]
[Site "Europe Echecs"]
[Date "2020.07.10"]
[Round "6"]
[Time "16:40:13"]
[PlyCount "42"]
[White "ChardonHeremoa"]
[Black "TallecNolann"]
[WhiteElo "1600"]
[BlackElo "1400"]
[Mode "WEB"]
[Result "1-0"]

1. e4 d6 2. Nc3 g6 3. Bc4 Bg7 4. d3 c5 5. Nf3 Nc6 6. h3 Nf6 7. Ne2 O-O 8. c3 d5
9. exd5 Nxd5 10. O-O e6 11. Nf4 a6 12. Nxd5 exd5 13. Bb3 Kh8 14. Bf4 b5 15. Qd2
c4 16. Bc2 d4 17. Bh6 cxd3 18. Bxd3 Bxh6 19. Qxh6 f5 20. Ng5 Qc7 21. Qxf8# {TallecNolann est échec et mat} 1-0

[Event "Tournament 14472 - Europe Echecs"]
[Site "Europe Echecs"]
[Date "2020.07.10"]
[Round "6"]
[Time "16:40:13"]
[PlyCount "50"]
[White "RobichonPierre"]
[Black "ReynaudAntoine"]
[WhiteElo "1573"]
[BlackElo "1231"]
[Mode "WEB"]
[Result "1-0"]

1. d4 d5 2. c4 e6 3. Nc3 Nf6 4. Bg5 c6 5. e3 Be7 6. Nf3 O-O 7. Bd3 Nbd7 8. O-O
Nb6 9. b3 a5 10. Qc2 h6 11. Bf4 Nh5 12. Bg3 Nxg3 13. hxg3 f6 14. Nh4 Rf7 15.
Bh7+ Kh8 16. Bg6 Rf8 17. Bh7 Rf7 18. Ne2 e5 19. Bg6 Rf8 20. Bh5 Kg8 21. Qg6 e4
22. c5 Nd7 23. Nf5 Rf7 24. Qxf7+ Kh8 25. Qxg7# {ReynaudAntoine est échec et mat} 1-0

[Event "Tournament 14472 - Europe Echecs"]
[Site "Europe Echecs"]
[Date "2020.07.10"]
[Round "6"]
[Time "16:40:13"]
[PlyCount "53"]
[White "ClemenconEllio"]
[Black "BietteAntonin"]
[WhiteElo "1324"]
[BlackElo "1569"]
[Mode "WEB"]
[Result "1/2-1/2"]

1. d4 d5 2. Bg5 Nf6 3. Bxf6 gxf6 4. e3 e5 5. Nf3 Bg4 6. Nc3 c6 7. Be2 Bxf3 8.
Bxf3 e4 9. Bg4 Nd7 10. a3 Qc7 11. Bf5 Bd6 12. Qh5 Nf8 13. g3 Ng6 14. b4 a5 15.
b5 a4 16. Kd2 Qa5 17. Rhb1 Rc8 18. b6 Ra8 19. h4 Ke7 20. g4 Ra6 21. g5 fxg5 22.
Qxg5+ Ke8 23. Qf6 Be7 24. Qg7 Bf8 25. Qf6 Be7 26. Qg7 Bf8 {Nulle par accord mutuel} 1/2-1/2

[Event "Tournament 14472 - Europe Echecs"]
[Site "Europe Echecs"]
[Date "2020.07.10"]
[Round "6"]
[Time "16:40:13"]
[PlyCount "164"]
[White "FondratJohan"]
[Black "GavilaQuentin"]
[WhiteElo "1509"]
[BlackElo "1199"]
[Mode "WEB"]
[Result "1-0"]

1. e4 e6 2. d3 d5 3. Nd2 Nf6 4. Ngf3 Bb4 5. g3 dxe4 6. dxe4 Nxe4 7. c3 Nxd2 8.
Bxd2 Bc5 9. Bg2 O-O 10. O-O Nc6 11. Qc2 Be7 12. Rad1 Bd7 13. Rfe1 Bf6 14. Bf4
Re8 15. Be5 Nxe5 16. Nxe5 Bxe5 17. Rxe5 Rb8 18. Re4 Qe7 19. Rh4 g6 20. Qd2 g5
21. Rh5 Bc6 22. Rxg5+ Kh8 23. Bxc6 Rbd8 24. Bd5 Rxd5 25. Rxd5 exd5 26. Qxd5 Qe2
27. Qd4+ Kg8 28. c4 c5 29. Qd7 b6 30. b3 Re7 31. Qd8+ Re8 32. Qg5+ Kf8 33. Rd2
Qe1+ 34. Kg2 Qe4+ 35. f3 Qe1 36. Qh6+ Kg8 37. Rf2 Re2 38. Qg5+ Kf8 39. Qd8+ Kg7
40. Qg5+ Kf8 41. Qd8+ Kg7 42. Rxe2 Qxe2+ 43. Kh3 Qe6+ 44. g4 Qh6+ 45. Kg3 Qe6
46. Qg5+ Kf8 47. Qd2 Qe5+ 48. f4 Qe4 49. Kh4 Qe7+ 50. g5 f6 51. h3 fxg5+ 52.
fxg5 Qe4+ 53. Kg3 Qe5+ 54. Qf4+ Qxf4+ 55. Kxf4 Kf7 56. Kf5 Ke7 57. h4 Kf7 58. h5
Ke7 59. g6 hxg6+ 60. hxg6 Kf8 61. Ke6 a5 62. Kd6 Kg7 63. Kc6 Kxg6 64. Kxb6 Kf7
65. Kxc5 Ke7 66. Kb5 a4 67. Kxa4 Kd7 68. Kb5 Kc7 69. Ka6 Kb8 70. c5 Kc7 71. b4
Kb8 72. b5 Kc7 73. Ka7 Kc8 74. b6 Kd7 75. b7 Kc6 76. b8=Q Kxc5 77. Kb7 Kb5 78.
a4+ Kxa4 79. Kc6 Ka3 80. Kc5 Ka2 81. Kc4 Ka1 82. Kc3 {GavilaQuentin a abandonné} 1-0

[Event "Tournament 14472 - Europe Echecs"]
[Site "Europe Echecs"]
[Date "2020.07.10"]
[Round "6"]
[Time "16:40:13"]
[PlyCount "55"]
[White "BorissovVictor"]
[Black "EvrinSelvam"]
[WhiteElo "1162"]
[BlackElo "1882"]
[Mode "WEB"]
[Result "0-1"]

1. e4 c5 2. Nf3 d6 3. Bb5+ Nd7 4. d4 cxd4 5. Qxd4 Ngf6 6. e5 dxe5 7. Nxe5 a6 8.
Bc4 Qa5+ 9. Nc3 Qxe5+ 10. Qxe5 Nxe5 11. Be2 Bf5 12. Bf4 Ng6 13. Be3 e5 14. Bd3
Bxd3 15. cxd3 Bb4 16. O-O O-O 17. Ne4 Nxe4 18. dxe4 Rfd8 19. a3 Ba5 20. b4 Bc7
21. Rac1 Rac8 22. Rfe1 h6 23. Re2 Bb6 24. Rxc8 Rxc8 25. h3 Bxe3 26. Rxe3 Nf4 27.
Kh2 Ne6 {BorissovVictor a abandonné} 0-1

[Event "Tournament 14472 - Europe Echecs"]
[Site "Europe Echecs"]
[Date "2020.07.10"]
[Round "6"]
[Time "16:40:13"]
[PlyCount "101"]
[White "DelageJonas"]
[Black "RenaudinAxelle"]
[WhiteElo "1491"]
[BlackElo "1526"]
[Mode "WEB"]
[Result "0-1"]

1. d4 Nf6 2. c4 e6 3. Nf3 d5 4. Nc3 Bb4 5. Bg5 c5 6. cxd5 exd5 7. a3 Bxc3+ 8.
bxc3 Nc6 9. e3 Bg4 10. Bd3 Qa5 11. Qc2 Bxf3 12. gxf3 cxd4 13. O-O Qxc3 14. exd4
Qa5 15. Rfe1+ Kf8 16. Rab1 Nxd4 17. Qd1 Re8 18. Be3 Qxe1+ 19. Qxe1 Nxf3+ 20. Kf1
Nxe1 21. Rxe1 g6 22. Bh6+ Kg8 23. Bc2 Rxe1+ 24. Kxe1 Ng4 25. Bd2 Kg7 26. h3 Nf6
27. Bc3 Re8+ 28. Kd2 Re6 29. f4 Kg8 30. f5 Ne4+ 31. Kd3 gxf5 32. Bd4 a6 33. Bd1
Rg6 34. Kc2 Rg2+ 35. Kc1 f4 36. Bf3 Rg3 37. Bh1 f3 38. Kd1 f2 39. Ke2 Rg1 40.
Bxf2 Nxf2 41. Bxd5 Ng4 42. Bxb7 Nf6 43. Bxa6 Kg7 44. Bd3 Ra1 45. a4 Rxa4 46. Bb5
Ra2+ 47. Ke3 Nd5+ 48. Kd4 Nf6 49. Ke5 Ra5 50. Kf4 Rxb5 {DelageJonas a abandonné} 0-1

[Event "Tournament 14472 - Europe Echecs"]
[Site "Europe Echecs"]
[Date "2020.07.10"]
[Round "6"]
[Time "16:40:13"]
[PlyCount "103"]
[White "GlemeeMalo"]
[Black "GuignardJonath"]
[WhiteElo "1474"]
[BlackElo "1523"]
[Mode "WEB"]
[Result "0-1"]

1. d4 d5 2. Bf4 Nf6 3. e3 c5 4. c3 e6 5. Nf3 Bd6 6. Bg3 O-O 7. Bd3 Qc7 8. Ne5
Nbd7 9. f4 b6 10. Nd2 Bb7 11. Qf3 Ne8 12. O-O f5 13. Bh4 Nef6 14. h3 Ne4 15.
Rad1 Ndf6 16. g4 Nxd2 17. Rxd2 Ne4 18. Rg2 c4 19. Bxe4 dxe4 20. Qg3 b5 21. gxf5
Rxf5 22. Kh1 Bxe5 23. dxe5 Rd8 24. Rfg1 Rd7 25. Bf6 g6 26. h4 Rd3 27. Rh2 Rh5
28. Qg4 Kf8 29. Qxe6 Bc8 30. Be7+ Qxe7 31. Qc6 Bd7 32. Qxe4 Bf5 33. Qa8+ Kg7 34.
e4 Bd7 35. Qxa7 Rxh4 36. Rgg2 Rd1+ 37. Rg1 Rxh2+ 38. Kxh2 Qh4+ 39. Kg2 Qg4+ 40.
Kf2 Qxg1+ 41. Ke2 Qxa7 42. e6 Bxe6 43. f5 gxf5 44. exf5 Bxf5 45. b4 Qxa2+ 46.
Ke3 Rd3+ 47. Kf4 Qf2+ 48. Ke5 Qe3+ 49. Kxf5 Rd5+ 50. Kg4 Rg5+ 51. Kh4 Qg3# {GlemeeMalo est échec et mat} 0-1

[Event "Tournament 14472 - Europe Echecs"]
[Site "Europe Echecs"]
[Date "2020.07.10"]
[Round "6"]
[Time "16:40:13"]
[PlyCount "42"]
[White "CourcelleVicto"]
[Black "BrunThomas"]
[WhiteElo "1314"]
[BlackElo "1511"]
[Mode "WEB"]
[Result "1-0"]

1. c4 f5 2. e4 fxe4 3. Qh5+ g6 4. Be2 Nf6 5. Qh4 Bg7 6. Nc3 O-O 7. Nxe4 Nc6 8.
d3 d5 9. cxd5 Qxd5 10. b3 Nxe4 11. dxe4 Qc5 12. Rb1 Qc2 13. Bc4+ Kh8 14. Nf3
Qxb1 15. O-O Bf6 16. Qh6 Bg7 17. Qh4 Qa1 18. Ng5 h6 19. Nh7 Kxh7 20. Bxh6 Qf6
21. Bg5+ {BrunThomas a abandonné} 1-0

[Event "Tournament 14472 - Europe Echecs"]
[Site "Europe Echecs"]
[Date "2020.07.10"]
[Round "6"]
[Time "16:40:13"]
[PlyCount "64"]
[White "SansoneAdam"]
[Black "HeauMaxime"]
[WhiteElo "1776"]
[BlackElo "1315"]
[Mode "WEB"]
[Result "1-0"]

1. e4 e5 2. Nf3 Nc6 3. Bb5 Nf6 4. O-O Nxe4 5. d4 Nd6 6. Bxc6 dxc6 7. dxe5 Nf5 8.
Qxd8+ Kxd8 9. Bg5+ Be7 10. Nc3 Bxg5 11. Nxg5 Ke7 12. Rad1 h6 13. Nge4 Be6 14. b3
Rad8 15. Nc5 b6 16. Na6 Rd7 17. Nb4 Nd4 18. Rxd4 Rxd4 19. Nxc6+ Kd7 20. Nxd4 Rd8
21. Nxe6 Kxe6 22. Rd1 Rxd1+ 23. Nxd1 Kxe5 24. Kf1 Kd4 25. Ke2 c5 26. c3+ Ke4 27.
f3+ Ke5 28. g3 g5 29. Kd3 Kd5 30. Ne3+ Kc6 31. Ng4 h5 32. Ne5+ {HeauMaxime a abandonné} 1-0

[Event "Tournament 14472 - Europe Echecs"]
[Site "Europe Echecs"]
[Date "2020.07.10"]
[Round "6"]
[Time "16:40:13"]
[PlyCount "83"]
[White "YaylaEmre"]
[Black "GrimaultLeane"]
[WhiteElo "1336"]
[BlackElo "1622"]
[Mode "WEB"]
[Result "0-1"]

1. e4 d5 2. exd5 Qxd5 3. Nc3 Qa5 4. Nf3 Nf6 5. d4 Bf5 6. a3 e6 7. Bf4 c6 8. Bd3
Be7 9. Bxf5 Qxf5 10. Be3 O-O 11. O-O Nbd7 12. Nh4 Qa5 13. b4 Qc7 14. g3 Nd5 15.
Nxd5 cxd5 16. Bf4 Qc6 17. Qg4 Nf6 18. Qe2 Rac8 19. Rac1 Qc3 20. Bd2 Qxd4 21. Be3
Qc3 22. Bxa7 Qxa3 23. Ra1 Qxb4 24. Rab1 Qc3 25. Rbc1 Ne4 26. Rfd1 Bxh4 27. gxh4
Qh3 28. Rd3 Qxh4 29. Bd4 Qg5+ 30. Kf1 Qxc1+ 31. Rd1 Qxc2 32. Qg4 f6 33. Be3 Ng5
34. h4 Nf7 35. h5 Qe4 36. Qg3 Rc2 37. f4 Qh1+ 38. Bg1 Nh6 39. Qe3 e5 40. fxe5
fxe5+ 41. Ke1 Qg2 {YaylaEmre a abandonné} 0-1

[Event "Tournament 14472 - Europe Echecs"]
[Site "Europe Echecs"]
[Date "2020.07.10"]
[Round "6"]
[Time "16:40:13"]
[PlyCount "110"]
[White "LaposteNicolas"]
[Black "CatherinotMarg"]
[WhiteElo "1616"]
[BlackElo "1327"]
[Mode "WEB"]
[Result "1-0"]

1. e4 Nf6 2. e5 Nd5 3. d4 d6 4. c4 Nb6 5. exd6 exd6 6. b3 Nc6 7. Bb2 Be7 8. Nf3
O-O 9. Bd3 Bf6 10. O-O Bg4 11. Be2 Re8 12. Nbd2 Re7 13. Rb1 Qe8 14. Re1 Rd8 15.
d5 Nb4 16. Bxf6 gxf6 17. a3 Na6 18. h3 Bf5 19. Rc1 Nc5 20. Nd4 Bg6 21. Rc3 a6
22. Rg3 Re4 23. N2f3 Kh8 24. Qa1 Nbd7 25. h4 h5 26. Qc1 Kh7 27. Qd1 Ne5 28. b4
Nxf3+ 29. gxf3 Nd3 30. Qxd3 Rxh4 31. Qd2 Qd7 32. Bd3 Re8 33. Bxg6+ fxg6 34. Rxe8
Qxe8 35. Qe3 Qf7 36. Ne6 Rxc4 37. Qd3 Rh4 38. Rxg6 Kh8 39. Rg7 Qxg7+ 40. Nxg7
Kxg7 41. Qe3 Kf7 42. Qe6+ Kg6 43. Qd7 Rd4 44. Qxc7 Rxd5 45. Qxb7 Rg5+ 46. Kf1
Rf5 47. Qxa6 Rxf3 48. b5 h4 49. Qc6 Rf5 50. b6 h3 51. b7 Rh5 52. b8=Q h2 53.
Qg8+ Kf5 54. Qcd5+ Kf4 55. Qg3# {CatherinotMarg est échec et mat} 1-0

[Event "Tournament 14472 - Europe Echecs"]
[Site "Europe Echecs"]
[Date "2020.07.10"]
[Round "6"]
[Time "16:40:13"]
[PlyCount "57"]
[White "RazeMorvan"]
[Black "GrallKaelan"]
[WhiteElo "1326"]
[BlackElo "1577"]
[Mode "WEB"]
[Result "0-1"]

1. d4 Nf6 2. g3 d5 3. Bg2 Bf5 4. Nf3 e6 5. O-O c5 6. Nc3 Nc6 7. e3 Bd6 8. h3 O-O
9. Nh4 Be4 10. Nxe4 Nxe4 11. Nf3 Qf6 12. b3 cxd4 13. exd4 Rac8 14. Bb2 Nb4 15.
c4 dxc4 16. bxc4 Rxc4 17. Qb3 Rc2 18. Ba3 Rc3 19. Qb2 Nd3 20. Qe2 Nxg3 21. fxg3
Rxa3 22. Ne1 Qxd4+ 23. Kh2 Nxe1 24. Rfxe1 Bxg3+ 25. Kh1 Bxe1 26. Qxe1 Rc8 27.
Bxb7 Rc2 28. Rb1 Rxh3# {RazeMorvan est échec et mat} 0-1

[Event "Tournament 14472 - Europe Echecs"]
[Site "Europe Echecs"]
[Date "2020.07.10"]
[Round "6"]
[Time "16:40:13"]
[PlyCount "90"]
[White "ElsadigBashirH"]
[Black "RavenelTangi"]
[WhiteElo "1298"]
[BlackElo "1463"]
[Mode "WEB"]
[Result "1-0"]

1. d4 Nf6 2. Nf3 g6 3. Nc3 Bg7 4. e4 d6 5. Bf4 O-O 6. Qd2 Re8 7. O-O-O Na6 8.
Ne1 c5 9. d5 Nc7 10. f3 b5 11. Bh6 Bh8 12. Bxb5 Nxb5 13. Nxb5 Qb6 14. Nc3 Rb8
15. b3 Bd7 16. h4 a5 17. h5 a4 18. hxg6 fxg6 19. Bg5 axb3 20. cxb3 h5 21. Bxf6
Bxf6 22. g4 Kg7 23. gxh5 Rh8 24. Qg2 Be8 25. hxg6 Rxh1 26. Qxh1 Bxg6 27. Na4 Qb4
28. Nc2 Qb7 29. Ne3 Bg5 30. Qg1 Bh6 31. Rf1 c4 32. Kb2 cxb3 33. a3 Kf7 34. Nd1
Bg7+ 35. Nac3 Rh8 36. Qg4 Qc7 37. Qe6+ Kf8 38. Rf2 Bf7 39. Qg4 Rh1 40. Rg2 Rh7
41. f4 Bxc3+ 42. Nxc3 Qa5 43. Qc8+ Be8 44. Qf5+ Rf7 45. Qh5 {RavenelTangi a perdu au temps} 1-0

[Event "Tournament 14472 - Europe Echecs"]
[Site "Europe Echecs"]
[Date "2020.07.10"]
[Round "6"]
[Time "16:40:13"]
[PlyCount "117"]
[White "ThibaudetVince"]
[Black "CheminadePauli"]
[WhiteElo "1450"]
[BlackElo "1306"]
[Mode "WEB"]
[Result "0-1"]

1. e4 e5 2. Nf3 Nc6 3. d4 exd4 4. Nxd4 Bc5 5. Be3 Qf6 6. Nxc6 Qxc6 7. Nc3 Bxe3
8. fxe3 Nf6 9. Qf3 O-O 10. O-O-O d6 11. Bd3 Bg4 12. Qf5 Bxf5 13. exf5 Nd5 14.
Bb5 Nxc3 15. Bxc6 Nxd1 16. Bxb7 Rab8 17. Rxd1 Rxb7 18. g4 Re8 19. Re1 Rb4 20. h3
Rbe4 21. Kd2 c6 22. c3 Rb8 23. Rb1 d5 24. a3 c5 25. b4 cxb4 26. axb4 g6 27. fxg6
hxg6 28. Ra1 Rb7 29. Ra5 Rd7 30. Ra1 Kg7 31. Ke2 Rc7 32. Kd3 f5 33. gxf5 gxf5
34. Ra5 Re5 35. Ra1 Rce7 36. Rg1+ Kh6 37. Rg3 Kh5 38. Rf3 Rg7 39. Rf1 Rg3 40.
Kd4 Rgxe3 41. Rxf5+ Rxf5 42. Kxe3 Kh4 43. Kd4 Kxh3 44. c4 dxc4 45. Kxc4 Kg3 46.
b5 Kf3 47. Kb4 Ke3 48. Ka5 Rf7 49. Ka6 Kd4 50. Ka5 Kc5 51. Ka6 Re7 52. Ka5 Rb7
53. Ka6 Rxb5 54. Kxa7 Rb1 55. Ka6 Kc6 56. Ka7 Rb2 57. Ka8 Kc7 58. Ka7 Ra2# {ThibaudetVince est échec et mat} 0-1

[Event "Tournament 14472 - Europe Echecs"]
[Site "Europe Echecs"]
[Date "2020.07.10"]
[Round "6"]
[Time "16:40:13"]
[PlyCount "54"]
[White "JaulinVincent"]
[Black "BaderPaul"]
[WhiteElo "1438"]
[BlackElo "1243"]
[Mode "WEB"]
[Result "1-0"]

1. e4 e5 2. Nf3 d6 3. Bc4 Bg4 4. h3 Bh5 5. c3 Nf6 6. d3 Be7 7. Nbd2 Nbd7 8. Nf1
O-O 9. Ng3 Bxf3 10. Qxf3 Nb6 11. Bb3 a6 12. Nf5 g6 13. Nh6+ Kg7 14. h4 Nh5 15.
g4 Nf6 16. h5 Nbd7 17. hxg6 fxg6 18. Qh3 Nc5 19. Bc2 Qd7 20. Bg5 Rh8 21. b4 Ne6
22. Bxf6+ Bxf6 23. Bb3 Nf4 24. Qh2 Nxd3+ 25. Kd2 Nf4 26. Nf5+ gxf5 27. Qh6# {BaderPaul est échec et mat} 1-0

[Event "Tournament 14472 - Europe Echecs"]
[Site "Europe Echecs"]
[Date "2020.07.10"]
[Round "6"]
[Time "16:40:13"]
[PlyCount "57"]
[White "PigourierAdrie"]
[Black "JamaliElias"]
[WhiteElo "1260"]
[BlackElo "1434"]
[Mode "WEB"]
[Result "0-1"]

1. e4 d5 2. exd5 Qxd5 3. Nc3 Qa5 4. d4 Nf6 5. Bd2 Nc6 6. Nb5 Qb6 7. Nf3 a6 8.
Nc3 Bg4 9. h3 Bh5 10. Be2 Bxf3 11. Bxf3 Nxd4 12. Be3 Nxf3+ 13. Qxf3 Qxb2 14. O-O
Qxc3 15. Qxb7 Rd8 16. Qxa6 e6 17. Qa4+ Nd7 18. Rfd1 Bd6 19. Rd3 Qe5 20. Bf4 Qxf4
21. Qxf4 Bxf4 22. Rad1 O-O 23. Rxd7 Rxd7 24. Rxd7 Rb8 25. g3 Bd6 26. Kg2 Kf8 27.
Kf3 Ke8 28. Rxc7 Bxc7 {PigourierAdrie a abandonné} 0-1

[Event "Tournament 14472 - Europe Echecs"]
[Site "Europe Echecs"]
[Date "2020.07.10"]
[Round "6"]
[Time "16:40:13"]
[PlyCount "91"]
[White "ManuelInes"]
[Black "EboueIhona"]
[WhiteElo "1230"]
[BlackElo "1429"]
[Mode "WEB"]
[Result "0-1"]

1. e4 d5 2. exd5 Nf6 3. c4 e6 4. dxe6 Bxe6 5. d3 Bc5 6. Nc3 Nc6 7. Nge2 O-O 8.
g3 Qd6 9. Bg2 Rad8 10. O-O Qxd3 11. Qxd3 Rxd3 12. Nf4 Rd6 13. a3 a6 14. b4 Bd4
15. Bb2 Bxc4 16. Rfe1 Rfd8 17. Ne4 Nxe4 18. Bxe4 Bxb2 19. Rab1 Bxa3 20. h4 Bxb4
21. Rec1 Bd5 22. Bxd5 Rxd5 23. Nxd5 Rxd5 24. Rd1 Rxd1+ 25. Rxd1 Bd6 26. f4 f6
27. g4 a5 28. f5 a4 29. Ra1 a3 30. Kf2 Kf7 31. Ke3 b5 32. Ke4 b4 33. Kd5 Ne5 34.
g5 b3 35. gxf6 gxf6 36. h5 b2 37. Rg1 a2 38. h6 Bf8 39. Rg2 a1=Q 40. Rc2 Qd1+
41. Ke4 Qxc2+ 42. Kf4 Nd3+ 43. Kg4 b1=Q 44. Kh5 Qh1+ 45. Kg4 Qcg2# {ManuelInes est échec et mat} 0-1

[Event "Tournament 14472 - Europe Echecs"]
[Site "Europe Echecs"]
[Date "2020.07.10"]
[Round "6"]
[Time "16:40:13"]
[PlyCount "55"]
[White "SalvignolNatha"]
[Black "DrieuHugo"]
[WhiteElo "1209"]
[BlackElo "1425"]
[Mode "WEB"]
[Result "0-1"]

1. e4 e5 2. Nf3 Nc6 3. Bc4 Bc5 4. d3 d6 5. c3 Nf6 6. Bg5 h6 7. Bh4 Be6 8. Bb3
O-O 9. d4 Bxb3 10. Qxb3 exd4 11. cxd4 Nxd4 12. Qc3 Bb4 13. Qxb4 Nc2+ 14. Kd1
Nxb4 15. Nc3 d5 16. e5 g5 17. Bg3 Ne4 18. Kc1 Nd3+ 19. Kc2 Ndxf2 20. Bxf2 Nxf2
21. Rhf1 Ne4 22. Rfd1 Nxc3 23. Kxc3 c6 24. Rf1 Qe7 25. Rae1 Qc5+ 26. Kd3 Qc4+
27. Kd2 Qxa2 {SalvignolNatha a abandonné} 0-1

[Event "Tournament 14472 - Europe Echecs"]
[Site "Europe Echecs"]
[Date "2020.07.10"]
[Round "6"]
[Time "16:40:13"]
[PlyCount "120"]
[White "PiquardYarosla"]
[Black "SzubertEmma"]
[WhiteElo "1415"]
[BlackElo "1232"]
[Mode "WEB"]
[Result "1-0"]

1. e4 e5 2. Nf3 Nc6 3. Bc4 Bc5 4. c3 h6 5. d4 exd4 6. cxd4 Bb4+ 7. Bd2 Bxd2+ 8.
Nbxd2 d6 9. d5 Ne5 10. Nxe5 dxe5 11. Nf3 Qd6 12. Qa4+ Bd7 13. Qb3 Nf6 14. O-O
Nxe4 15. Rfe1 f5 16. Bd3 Nc5 17. Qc3 e4 18. Qxg7 O-O-O 19. Ne5 Rdg8 20. Nf7 Rxg7
21. Nxd6+ cxd6 22. Bc2 Rhg8 23. g3 h5 24. Rac1 h4 25. b4 Nd3 26. Bxd3+ Kd8 27.
Bc4 hxg3 28. fxg3 Rg4 29. Kf2 Re8 30. Rc3 e3+ 31. Rexe3 Rxe3 32. Kxe3 Re4+ 33.
Kf2 Ke7 34. Re3 Kf6 35. Rxe4 fxe4 36. Ke3 Ke5 37. Bb3 Bf5 38. a4 b6 39. a5 bxa5
40. bxa5 Kf6 41. Kf4 Kg6 42. g4 Bd7 43. Bc2 Kf6 44. g5+ Kg7 45. h4 Kg6 46. Bxe4+
Kh5 47. g6 Be8 48. g7 Bf7 49. Kf5 Bg6+ 50. Kf6 Bxe4 51. g8=Q Kxh4 52. Qg5+ Kh3
53. Qe3+ Kg4 54. Qxe4+ Kg3 55. Kg5 Kf2 56. Kg4 Kf1 57. Kg3 a6 58. Qc2 Ke1 59.
Kf3 Kf1 60. Qb1# {SzubertEmma est échec et mat} 1-0

[Event "Tournament 14472 - Europe Echecs"]
[Site "Europe Echecs"]
[Date "2020.07.10"]
[Round "6"]
[Time "16:40:13"]
[PlyCount "167"]
[White "MigoliRomain"]
[Black "WuClara"]
[WhiteElo "1201"]
[BlackElo "1403"]
[Mode "WEB"]
[Result "0-1"]

1. e4 c5 2. Nf3 g6 3. Nc3 Bg7 4. Bc4 Nc6 5. d3 d6 6. Ng5 e6 7. Nf3 Nf6 8. Bg5
O-O 9. O-O Qd7 10. Bb5 a6 11. Bxc6 Qxc6 12. a3 d5 13. exd5 exd5 14. Bxf6 Bxf6
15. d4 cxd4 16. Nxd4 Qb6 17. Nxd5 Qxd4 18. c3 Qxd1 19. Nxf6+ Kg7 20. Raxd1 Kxf6
21. Rd6+ Kg7 22. Re1 Bf5 23. Re7 Rfe8 24. Rxe8 Rxe8 25. h3 Re2 26. Rb6 Be4 27.
f3 Bc6 28. Kf1 Rd2 29. Kg1 Rd5 30. Rb4 Rg5 31. Rf4 Rd5 32. Kh2 Rd2 33. b4 Rc2
34. c4 Ra2 35. b5 axb5 36. cxb5 Bxb5 37. Rb4 Bc6 38. Rb3 Bd5 39. Rc3 Bc6 40. Rb3
h5 41. h4 Rc2 42. Kh3 Bd7+ 43. g4 hxg4+ 44. fxg4 Bc6 45. h5 gxh5 46. gxh5 Rc1
47. Rg3+ Kh6 48. Kg4 Rh1 49. Rd3 Rxh5 50. Rd6+ f6 51. Rxf6+ Kg7 52. Rxc6 Rb5 53.
Kf4 bxc6 54. Ke4 Ra5 55. Kd4 Rxa3 56. Kc5 Rd3 57. Kxc6 Kf6 58. Kc5 Ke6 59. Kc4
Rd8 60. Kc3 Ke5 61. Kc2 Ke4 62. Kc1 Ke3 63. Kc2 Rd7 64. Kc1 Ke2 65. Kc2 Rc7+ 66.
Kb3 Kd2 67. Kb4 Kd3 68. Kb5 Kd4 69. Kb6 Rc1 70. Kb5 Rc2 71. Kb6 Kd5 72. Kb7 Kd6
73. Kb8 Kd7 74. Kb7 Rb2+ 75. Ka6 Kc7 76. Ka5 Kc6 77. Ka4 Kc5 78. Ka3 Rb8 79. Ka2
Kc4 80. Ka1 Kc3 81. Ka2 Rb7 82. Ka1 Kc2 83. Ka2 Ra7# {MigoliRomain est échec et mat} 0-1

[Event "Tournament 14472 - Europe Echecs"]
[Site "Europe Echecs"]
[Date "2020.07.10"]
[Round "6"]
[Time "16:40:13"]
[PlyCount "63"]
[White "EricAndrianaFi"]
[Black "LeonardyBatist"]
[WhiteElo "1401"]
[BlackElo "1177"]
[Mode "WEB"]
[Result "0-1"]

1. e4 c5 2. d3 d6 3. g3 g6 4. Bg2 Bg7 5. f4 e6 6. Nf3 Ne7 7. O-O O-O 8. Nc3 Nbc6
9. Ne2 d5 10. e5 f6 11. exf6 Bxf6 12. Nc3 Nf5 13. Re1 Bd7 14. Bd2 Rc8 15. Rc1 a6
16. a3 b5 17. b3 Ncd4 18. Ne2 Nxf3+ 19. Bxf3 Bb2 20. Rb1 Bxa3 21. Kg2 c4 22.
dxc4 dxc4 23. Ng1 Bc5 24. Nh3 cxb3 25. cxb3 Nd4 26. Be4 Bc6 27. Bxc6 Rxc6 28.
Ng5 Qd5+ 29. Kf1 Qh1+ 30. Kf2 Qxh2+ 31. Kf1 Ne2 {EricAndrianaFi a perdu au temps} 0-1

[Event "Tournament 14472 - Europe Echecs"]
[Site "Europe Echecs"]
[Date "2020.07.10"]
[Round "6"]
[Time "16:40:13"]
[PlyCount "52"]
[White "BaylacAlison"]
[Black "SemenovMaxime"]
[WhiteElo "1199"]
[BlackElo "1367"]
[Mode "WEB"]
[Result "1-0"]

1. e4 c6 2. Nc3 d5 3. Nf3 Bg4 4. Be2 e6 5. d3 Bb4 6. Bd2 Nd7 7. O-O dxe4 8. Nxe4
Bxf3 9. Bxb4 Bxe4 10. dxe4 Ngf6 11. Bd3 Ne5 12. Be2 Nxe4 13. Re1 Qb6 14. Bc3
Qxf2+ 15. Kh1 Nxc3 16. bxc3 Rd8 17. Qc1 Qf5 18. Rf1 Qg6 19. Rb1 O-O 20. Rxb7 Rd7
21. Rxd7 Nxd7 22. Qd2 Qf6 23. Rxf6 Nxf6 24. Bf3 Rb8 25. h3 Nh5 26. Bxh5 {SemenovMaxime a abandonné} 1-0

[Event "Tournament 14472 - Europe Echecs"]
[Site "Europe Echecs"]
[Date "2020.07.10"]
[Round "6"]
[Time "16:40:13"]
[PlyCount "39"]
[White "LabordeAntonn"]
[Black "ChevillonManon"]
[WhiteElo "1002"]
[BlackElo "1356"]
[Mode "WEB"]
[Result "0-1"]

1. e4 e5 2. Nf3 Nc6 3. Bc4 Bc5 4. c3 Nf6 5. d3 d6 6. Nbd2 Be6 7. Bb3 h6 8. O-O
Qd7 9. Re1 O-O-O 10. h3 Kb8 11. Nf1 g5 12. Ne3 g4 13. hxg4 Nxg4 14. Nxg4 Bxg4
15. a4 Rdg8 16. a5 Bh3 17. Kf1 Bxg2+ 18. Ke2 Bxf3+ 19. Kxf3 Qg4# {LabordeAntonn est échec et mat} 0-1

[Event "Tournament 14472 - Europe Echecs"]
[Site "Europe Echecs"]
[Date "2020.07.10"]
[Round "6"]
[Time "16:40:13"]
[PlyCount "92"]
[White "ChareyreSylvai"]
[Black "EstinCharbonne"]
[WhiteElo "1081"]
[BlackElo "1343"]
[Mode "WEB"]
[Result "1-0"]

1. e4 d5 2. exd5 Nf6 3. d4 Bg4 4. f3 Bf5 5. c4 e6 6. dxe6 Nc6 7. Be3 Bb4+ 8. Nc3
Qe7 9. d5 O-O-O 10. Qa4 Nb8 11. O-O-O fxe6 12. Nb5 Na6 13. c5 Bxc5 14. Nxa7+ Kb8
15. Nc6+ bxc6 16. Qb3+ Ka8 17. Bxa6 Bxe3+ 18. Qxe3 Nxd5 19. Qf2 Qg5+ 20. Rd2 Nb6
21. Nh3 Bxh3 22. gxh3 Rd5 23. Rhd1 Rhd8 24. Kc2 Rc5+ 25. Kb1 Rxd2 26. Qxd2 Qxd2
27. Rxd2 Nc4 28. Bxc4 Rxc4 29. Rd7 Kb7 30. Rxg7 Rh4 31. Rg3 e5 32. b3 Kb6 33.
Kc2 Kc5 34. Kc3 Kd5 35. a4 Ke6 36. a5 Kd7 37. a6 Kc8 38. Rg8+ Kd7 39. a7 Rxh3
40. Rg3 Rh6 41. a8=Q Rd6 42. Rg7+ Ke6 43. Qe8+ Kd5 44. Rd7 Rxd7 45. Qxd7+ Kc5
46. Qxc7 {EstinCharbonne a abandonné} 1-0

[Event "Tournament 14472 - Europe Echecs"]
[Site "Europe Echecs"]
[Date "2020.07.10"]
[Round "6"]
[Time "16:40:13"]
[PlyCount "47"]
[White "MolinesMartin"]
[Black "FonluptEsteban"]
[WhiteElo "1033"]
[BlackElo "1436"]
[Mode "WEB"]
[Result "0-1"]

1. e4 b6 2. Nf3 Bb7 3. Nc3 e6 4. d4 Bb4 5. Bd3 Nf6 6. Qe2 d5 7. e5 Ne4 8. Bxe4
dxe4 9. Nd2 Qxd4 10. Qe3 Bxc3 11. Qxc3 Qxc3 12. bxc3 O-O 13. O-O Nd7 14. Re1
Nxe5 15. Nxe4 c5 16. Bb2 Nc4 17. Rab1 Nxb2 18. Rxb2 Bxe4 19. Rxe4 Rfd8 20. Rb1
Rd2 21. Rc1 Rad8 22. Ra4 Rd1+ 23. Rxd1 Rxd1# {MolinesMartin est échec et mat} 0-1

[Event "Tournament 14472 - Europe Echecs"]
[Site "Europe Echecs"]
[Date "2020.07.10"]
[Round "6"]
[Time "16:40:13"]
[PlyCount "80"]
[White "EkandeEthan"]
[Black "SwietlikAlexan"]
[WhiteElo "1200"]
[BlackElo "1130"]
[Mode "WEB"]
[Result "1-0"]

1. e4 e5 2. Nf3 Nc6 3. Bc4 Bc5 4. O-O Nf6 5. d3 d6 6. h3 O-O 7. c3 Qe7 8. d4
exd4 9. cxd4 Nxe4 10. Re1 Bf5 11. Bd5 Rad8 12. Qc2 Nxd4 13. Nxd4 Bxd4 14. Bxe4
Bxe4 15. Rxe4 Qf6 16. Re2 Rfe8 17. Nc3 Re6 18. Ne4 Qf5 19. a4 Rde8 20. Nf6+ gxf6
21. Qxf5 Rxe2 22. Qg4+ Kf8 23. Bh6+ Ke7 24. Qxe2+ Kd7 25. Qb5+ c6 26. Qxb7+ Kd8
27. Qb8+ Kd7 28. Qb7+ Kd8 29. Bd2 Re7 30. Qxc6 Bxb2 31. Qxd6+ Rd7 32. Ba5+ Ke8
33. Re1+ Be5 34. Qc6 Ke7 35. Bb4+ Kd8 36. Ba5+ Ke7 37. Bb4+ Kd8 38. Qa8+ Kc7 39.
Rc1+ Kb6 40. Qc6# {SwietlikAlexan est échec et mat} 1-0

[Event "Tournament 14472 - Europe Echecs"]
[Site "Europe Echecs"]
[Date "2020.07.10"]
[Round "6"]
[Time "16:40:13"]
[PlyCount "33"]
[White "BoucherAngel"]
[Black "CastetsAntoine"]
[WhiteElo "1199"]
[BlackElo "1120"]
[Mode "WEB"]
[Result "0-1"]

1. Nf3 Nc6 2. e4 e5 3. d4 exd4 4. Nxd4 Nxd4 5. Qxd4 Qf6 6. e5 Qf5 7. Bd3 Qe6 8.
O-O d6 9. Re1 Be7 10. exd6 Qxe1+ 11. Bf1 Bxd6 12. Qxg7 Bc5 13. Be3 Bxe3 14. fxe3
Qxe3+ 15. Kh1 Qe1 16. Qxh8 Qxf1# {BoucherAngel est échec et mat} 0-1